商工政策史 (第20巻) : 化学工業(上)

में बचाया:
ग्रंथसूची विवरण
निगमित लेखक: 商工政策史
स्वरूप: पुस्तक
भाषा:Undetermined
प्रकाशित: 東京 商工政策史刊行会 1968
विषय:
टैग : टैग जोड़ें
कोई टैग नहीं, इस रिकॉर्ड को टैग करने वाले पहले व्यक्ति बनें!
Thư viện lưu trữ: Trung tâm Học liệu Trường Đại học Cần Thơ
LEADER 00515nam a2200193Ia 4500
001 CTU_77585
008 210402s9999 xx 000 0 und d
082 |a 338.952 
082 |b T882 
110 |a 商工政策史 
245 0 |a 商工政策史 (第20巻) : 
245 0 |b 化学工業(上) 
245 0 |c 商工政策史 
260 |a 東京 
260 |b 商工政策史刊行会 
260 |c 1968 
650 |a Japanese economy 
904 |i Ngoc 
980 |a Trung tâm Học liệu Trường Đại học Cần Thơ